Lewis Capaldi - Wish You The Best (Lyrics) - Statistics

General Stats
  • This quiz has been taken 141 times
    140 since last reset
  • The average score is 263 of 315
Answer Stats
Answer % Correct
I
100%
"I
100%
be
99%
you
99%
you,
99%
You
99%
in
96%
the
96%
wish
94%
Wish
94%
your
94%
best
93%
ever
91%
And
90%
could
90%
But
89%
But,
89%
but
89%
every
89%
when
89%
miss
87%
say,
87%
say
87%
we
87%
you're
87%
everything,
86%
everything
86%
eyes"
86%
love
86%
my
86%
that
86%
Do
84%
never
84%
only
84%
think
84%
guess
83%
lied
83%
me
83%
said
83%
left"
81%
left
81%
wanna
81%
what
81%
by
80%
friends,
80%
out
80%
thinking
80%
With
80%
with
80%
been
79%
day
79%
has
79%
instead,
79%
It
79%
all
77%
how
77%
tell
77%
knowing
76%
green
74%
him
74%
about
73%
darling?
73%
like
73%
were
73%
It's
71%
here
71%
I'm
71%
it's
71%
leave
71%
to
71%
wrong"
71%
along
70%
from
70%
now,
70%
now
70%
part
70%
hearing
69%
L.A
69%
need
69%
ocean
69%
rain
69%
"Without
69%
probably
67%
everything's
66%
still
66%
this
66%
While
66%
gets
64%
way
63%
Glasgow
60%
not
60%
spoken
60%
farther
59%
supposed
59%
Maybe
57%
want
57%
passes
56%
since
56%
was
56%
we've
56%
happy
54%
problem
54%
Right
54%
sorry
54%
somehow
53%
seem
51%
seems
50%
should
50%
than
50%
really
49%
can't
47%
happier
47%
mean
41%
whether
41%
help
40%
notice
40%
something
39%
Well,
30%
No matching quizzes found
Score Distribution
Percent of People with Each Score
Percentile by Number Answered
Your Score History
You have not taken this quiz since the last reset